Poema de Alfonso Onceno, rey de Castilla y de León (Record no. 163846)

MARC details
000 -LEADER
campo de control de longitud fija 00970nam a22002415i 4500
001 - NÚMERO DE CONTROL
campo de control 163846
003 - IDENTIFICADOR DE NÚMERO DE CONTROL
campo de control ES-MaACL
005 - FECHA Y HORA DE LA ÚLTIMA TRANSACCIÓN
campo de control 20250822143147.0
008 - DATOS DE LONGITUD FIJA--INFORMACIÓN GENERAL
campo de control de longitud fija 940615s1863 sp |||| | spa d
040 ## - FUENTE DE CATALOGACIÓN
Centro catalogador/agencia de origen CAM
Lengua de catalogación spa
080 ## - NÚMERO DE LA CLASIFICACIÓN DECIMAL UNIVERSAL
Número de la Clasificación Decimal Universal 821.134.2-13"13"
080 ## - NÚMERO DE LA CLASIFICACIÓN DECIMAL UNIVERSAL
Número de la Clasificación Decimal Universal 929 Alfonso (460.18) XI (0:82)
130 0# - ENTRADA PRINCIPAL--TÍTULO UNIFORME
Título uniforme Poema de Alfonso Onceno.
9 (RLIN) 123902
245 10 - MENCIÓN DEL TÍTULO
Título Poema de Alfonso Onceno, rey de Castilla y de León
Resto del título : manuscrito del siglo XIV publicado por vez primera de órden de su Majestad la Reina /
Mención de responsabilidad, etc. con noticias y observaciones de Florencio Janer.
260 ## - PUBLICACIÓN, DISTRIBUCIÓN, ETC.
Lugar de publicación, distribución, etc. Madrid :
Nombre del editor, distribuidor, etc. [s.n.],
Fecha de publicación, distribución, etc. 1863 (
Fabricante Manuel Rivadeneyra)
300 ## - DESCRIPCIÓN FÍSICA
Extensión XI, 366 p. ;
Dimensiones 23 cm.
594 ## - Nota al título y mención de responsabilidad
Nota al título y mención de responsabilidad Según Palau, I, 7150 el autor es Rodriguez Yañez.
597 ## - NOTA DE DESCRIPCIÓN FÍSICA
NOTA DE DESCRIPCIÓN FÍSICA Port. y texto enmarcado, a dos tintas.
600 14 - PUNTO DE ACCESO ADICIONAL DE MATERIA--NOMBRE DE PERSONA
Nombre de persona Alfonso
Numeración XI
Títulos y otros términos asociados al nombre Rey de Castilla-
Subdivisión de forma Poesías.
9 (RLIN) 145059
700 1# - ENTRADA AGREGADA--NOMBRE PERSONAL
Nombre de persona Janer, Florencio,
Fechas asociadas al nombre 1831-1877
9 (RLIN) 66005
852 ## - LOCALIZACIÓN
Ubicación ES-MaACL
Número de control de estantería G-12961
Nota libre -- Enc. hol.
Holdings
Estatus retirado Estado de pérdida Estado de daño No para préstamo Colección Biblioteca de origen Biblioteca actual Ubicación en estantería Fecha de adquisición Fuente de adquisición Total de préstamos Signatura topográfica completa Código de barras Visto por última vez Precio de reemplazo Tipo de ítem Koha
        Libros del s. XIX Biblioteca del Ateneo de Madrid Biblioteca del Ateneo de Madrid Sala Pecera Planta 3 17/01/2008     G-12961 1171714 23/02/2023 23/02/2023 Libro impreso antiguo